Vista normal
Vista MARC
Entrada Personal Name
Número de registros utilizados en: 1
001 - CONTROL NUMBER
- control field: 10212
003 - CONTROL NUMBER IDENTIFIER
- control field: DLC
005 - DATE AND TIME OF LATEST TRANSACTION
- control field: 20191106150414.0
008 - FIXED-LENGTH DATA ELEMENTS
- fixed length control field: 981002n| acannaabn |a aaa
010 ## - LIBRARY OF CONGRESS CONTROL NUMBER
- LC control number: n 98089027
035 ## - SYSTEM CONTROL NUMBER
- System control number: (OCoLC)oca04829501
040 ## - CATALOGING SOURCE
- Original cataloging agency: DLC
- Language of cataloging: spa
- Transcribing agency: Mx-PuUPA
- Modifying agency: OCoLC
- Modifying agency: Mx-PuUPA
- Description conventions: rda
100 1# - HEADING--PERSONAL NAME
- Personal name: Castro Chadid, Iván,
372 ## - FIELD OF ACTIVITY
- Field of activity: Historia de las matemáticas
374 ## - OCCUPATION
- Occupation: Autor
375 ## - GENDER
- Gender: hombre
377 ## - ASSOCIATED LANGUAGE
- Language code: spa
400 1# - SEE FROM TRACING--PERSONAL NAME
- Personal name: Chadid, Iván Castro
670 ## - SOURCE DATA FOUND
- Source citation: Pasado presente y futuro del cálculo ... c1997:
- Information found: t.p. (Iván Castro Chadid)
670 ## - SOURCE DATA FOUND
- Source citation: El más prolífico en la historia de la matemática, 1996:
- Information found: t.p. (Iván Castro Chadid) de portada
670 ## - SOURCE DATA FOUND
- Source citation: Biblioteca del congreso (Estados Unidos), 06 noviembre 2019:
- Information found: Catálogo electrónico
- Uniform Resource Identifier: http://bit.ly/2qpDo31